00587 2200217 4500001002100000005001500021035002000036007000300056008004100059020002200100082001100122084001700133100002500150245007100175250001000246260003900256300002700295650002500322990001100347990001100358INLIS00000000000132220180124093910 a0010-0118000140ta180124 g 0 ind  a978-979-25-4903-4 a370.15 a370.15 PRA p0 aPrawira Atmaja Purwa1 aPsikologi Pendidikan dalam Perspektif Baru /cPurwa Atmaja Prawira acet 3 ajogjakarta :bAr-Ruzz Media,c2016 a448hlm ;c14,8 x 21 cm aPsikologi Pendidikan a5939 a a5939 b